000 00549nam a22001937a 4500
003 CEME
005 20210628203120.0
008 210118b xxu||||| |||| 00| 0 eng d
020 _a0-07-014602-0
040 _cceme
082 _a629.25 CRO
100 _aCrouse, William H , Anglin, Donald L
_963398
245 _aAutomotive engines , construction operation and maintenance
250 _a5TH
260 _aNEW YORK
_bMCGRAW HILL
_c1976
300 _aXI,425 P
650 _aAUTOMOBILE- MOTORS. AUTOMOBILE ENGINEERING
_963399
942 _cBK
_2ddc
999 _c572236
_d572236